Dynastie des Rois Valois - Statistiques

Statistiques générales
  • Ce quiz a été pris 111 fois
  • Le résultat moyen est 11 sur 13
Statistiques - réponses
Hint Réponse % Correct
1515-1547 Francois 1
91%
1574-1589 Henri 3
89%
1559-1560 Francois 2
88%
1547-1559 Henri 2
88%
1560-1574 Charles 9
86%
1498-1515 Louis 12
83%
1380-1422 Charles 6
80%
1461-1483 Louis 11
80%
1422-1461 Charles 7
79%
1364-1380 Charles 5
78%
1483-1498 Charles 8
78%
1328-1350 Philippe 6
75%
1350-1364 jean 2
69%
Aucun quiz correspondant
Distribution des résultats
% des personnes avec chaque résultat
Percentile par nombre de réponses
Votre historique - résultats
Vous n’avez pas pris ce quiz